000 01723nam a2200397 c 4500
003 BLK
005 20190208112351.0
008 180409b bul|||||r ||||||| ||bul||
010 _aKNG00112102000
020 _a954-585-522-3
_bиздат.: Бард
040 _aBLK
041 _aBUL
_cBUL
080 _aИмпериализъм. Империалистическа политика. Вж и 325.3
_b327.2
_x(73)
_z327.2(73)
700 1 _aЧомски, Аврам Ноам
_e*
_9366765
100 1 _aЧомски, Ноам
_eпърви автор
_gЧомски, Аврам Ноам
_9256569
700 1 _aКостов, Камен
_eпрев. от англ.
_9368020
139 _aЧомски, Аврам Ноам
_bЧ 91
245 1 0 _aХегемония или оцеляване
_bАмер. стремеж към глобално господство
_c* Аврам Ноам Чомски; Ноам Чомски; прев. от англ. Камен Костов.
257 _aUSA
260 София
_bБард
_c2004
300 _a320 с.
_c20 см
380 _a3
500 _aОриг. загл. Hegemony or Survival / Noam Chomsky. - Пълното име на авт. е Аврам Ноам Чомски.
650 4 _aИмпериализъм, североамерикански
_9282989
650 4 _aСАЩ - обществено устройство и обществени отношения
_9254630
651 4 _aСАЩ
_9179493
653 _aСАЩ
653 _aвъншна политика
653 _aглобализация
653 _aимпериализъм
852 _aЦб 218848
856 4 _qpdf
_u
856 4 _qpdf
_u
942 _cKNG
_n0
_03
944 _aCR
_c06.04.2004
_kЛюдмила_Стоянова
944 _aED
_c12.02.2007
_k
999 _c106836
_d106836